P.S. I love you (Record no. 53607)
[ view plain ]
| 000 -LEADER | |
|---|---|
| fixed length control field | 04625cgm a2200853Ia 4500 |
| 003 - CONTROL NUMBER IDENTIFIER | |
| control field | OCoLC |
| 005 - DATE AND TIME OF LATEST TRANSACTION | |
| control field | 20241220121933.0 |
| 007 - PHYSICAL DESCRIPTION FIXED FIELD--GENERAL INFORMATION | |
| fixed length control field | vd cvaizq |
| 008 - FIXED-LENGTH DATA ELEMENTS--GENERAL INFORMATION | |
| fixed length control field | 080305p20082007cau126 g vleng d |
| 001 - CONTROL NUMBER | |
| control field | ocn212879746 |
| 035 ## - SYSTEM CONTROL NUMBER | |
| System control number | (Sirsi) i9781419868467 |
| 040 ## - CATALOGING SOURCE | |
| Original cataloging agency | TEFMT |
| Transcribing agency | TEFMT |
| Modifying agency | TEF |
| -- | JED |
| -- | MR0 |
| -- | UINTA |
| 020 ## - INTERNATIONAL STANDARD BOOK NUMBER | |
| International Standard Book Number | 1419868462 |
| 020 ## - INTERNATIONAL STANDARD BOOK NUMBER | |
| International Standard Book Number | 9781419868467 |
| 024 1# - OTHER STANDARD IDENTIFIER | |
| Standard number or code | 085391138624 |
| 028 42 - PUBLISHER NUMBER | |
| Publisher number | 1000023864 |
| Source | Warner Home Video |
| 035 ## - SYSTEM CONTROL NUMBER | |
| System control number | (OCoLC)212879746 |
| 043 ## - GEOGRAPHIC AREA CODE | |
| Geographic area code | n-us-ny |
| 050 14 - LIBRARY OF CONGRESS CALL NUMBER | |
| Classification number | PN1995.9.C55 |
| Item number | P7 2008 |
| 082 04 - DEWEY DECIMAL CLASSIFICATION NUMBER | |
| Classification number | 791.43/72 |
| Edition number | 22 |
| 049 ## - LOCAL HOLDINGS (OCLC) | |
| Holding library | UCLB |
| 092 ## - LOCALLY ASSIGNED DEWEY CALL NUMBER (OCLC) | |
| Classification number | 791.437 |
| 245 00 - TITLE STATEMENT | |
| Title | P.S. I love you |
| Medium | [videorecording] / |
| Statement of responsibility, etc | Alcon Entertainment presents in association with Grosvenor Park Films LLP ; produced by Wendy Finerman, Broderick Johnson, Andrew A. Kosove, Molly Smith ; screenplay by Richard LaGravenese and Steven Rogers ; directed by Richard LaGravenese. |
| 260 ## - PUBLICATION, DISTRIBUTION, ETC. (IMPRINT) | |
| Place of publication, distribution, etc | Burbank, CA : |
| Name of publisher, distributor, etc | Warner Home Video, |
| Date of publication, distribution, etc | [2008] |
| 300 ## - PHYSICAL DESCRIPTION | |
| Extent | 1 videodisc (126 min.) : |
| Other physical details | sd., col. ; |
| Dimensions | 4 3/4 in. |
| 538 ## - SYSTEM DETAILS NOTE | |
| System details note | DVD ; Region 1 ; full screen (1.33:1) and widescreen presentations ; Dolby surround 5.1 ; Dolby Digital. |
| 546 ## - LANGUAGE NOTE | |
| Language note | In English, dubbed French, or dubbed Spanish, with subtitles in English, French, or Spanish. |
| 546 ## - LANGUAGE NOTE | |
| Language note | Closed-captioned. |
| 511 1# - PARTICIPANT OR PERFORMER NOTE | |
| Participant or performer note | Hilary Swank, Gerard Butler, Lisa Kudrow, Gina Gershon, James Marsters, Kathy Bates, Harry Connick, Jr. |
| 508 ## - CREATION/PRODUCTION CREDITS NOTE | |
| Creation/production credits note | Director of photography, Terry Stacey ; editor, David Moritz ; music, John Powell ; costume designer, Cindy Evans ; production designer, Shepherd Frankel. |
| 500 ## - GENERAL NOTE | |
| General note | Based on the novel by Cecelia Ahern. |
| 521 8# - TARGET AUDIENCE NOTE | |
| Target audience note | MPAA rating: PG-13; for sexual references and brief nudity. |
| 520 ## - SUMMARY, ETC. | |
| Summary, etc | Holly Kennedy is beautiful, smart and married to the love of her life, a passionate, funny, and impetuous Irishman named Gerry. So when his life is taken by an illness, it takes the life out of Holly. Nobody knows Holly better than Gerry, so it's a good thing he planned ahead. Before he died, Gerry wrote Holly a series of letters that will guide her, not only through her grief, but in rediscovering herself. The first message arrives on Holly's 30th birthday in the form of a cake and a tape recording from Gerry. In the weeks and months that follow, more letters from Gerry are delivered in surprising ways, each sending her on a new adventure and each signing off in the same way - P.S. I Love You. Holly's mother and best friends begin to worry that Gerry's letters are keeping Holly tied to the past, but in fact, each letter is pushing her further into a new future. |
| 586 8# - AWARDS NOTE | |
| Awards note | Irish Film and Television Awards, 2008: Audience Award - Best International Actress (Hilary Swank) |
| 650 #0 - SUBJECT ADDED ENTRY--TOPICAL TERM | |
| Topical term or geographic name as entry element | Widows |
| Geographic subdivision | New York (State) |
| -- | New York |
| Form subdivision | Drama. |
| 9 (RLIN) | 6508771 |
| 650 #0 - SUBJECT ADDED ENTRY--TOPICAL TERM | |
| Topical term or geographic name as entry element | Last letters before death |
| Form subdivision | Drama. |
| 9 (RLIN) | 6508772 |
| 650 #0 - SUBJECT ADDED ENTRY--TOPICAL TERM | |
| Topical term or geographic name as entry element | Love-letters |
| Geographic subdivision | New York (State) |
| -- | New York |
| Form subdivision | Drama. |
| 9 (RLIN) | 6508773 |
| 650 #0 - SUBJECT ADDED ENTRY--TOPICAL TERM | |
| Topical term or geographic name as entry element | Family |
| Geographic subdivision | New York (State) |
| -- | New York |
| Form subdivision | Drama. |
| 9 (RLIN) | 6507291 |
| 650 #0 - SUBJECT ADDED ENTRY--TOPICAL TERM | |
| Topical term or geographic name as entry element | Grief in women |
| Form subdivision | Drama. |
| 9 (RLIN) | 6508774 |
| 650 #7 - SUBJECT ADDED ENTRY--TOPICAL TERM | |
| Topical term or geographic name as entry element | Widows |
| Geographic subdivision | New York (State) |
| -- | New York |
| Form subdivision | Drama. |
| Source of heading or term | sears |
| 9 (RLIN) | 6508771 |
| 650 #7 - SUBJECT ADDED ENTRY--TOPICAL TERM | |
| Topical term or geographic name as entry element | Last letters before death |
| Form subdivision | Drama. |
| Source of heading or term | sears |
| 9 (RLIN) | 6508772 |
| 650 #7 - SUBJECT ADDED ENTRY--TOPICAL TERM | |
| Topical term or geographic name as entry element | Love-letters |
| Geographic subdivision | New York (State) |
| -- | New York |
| Form subdivision | Drama. |
| Source of heading or term | sears |
| 9 (RLIN) | 6508773 |
| 650 #7 - SUBJECT ADDED ENTRY--TOPICAL TERM | |
| Topical term or geographic name as entry element | Family |
| Geographic subdivision | New York (State) |
| -- | New York |
| Form subdivision | Drama. |
| Source of heading or term | sears |
| 9 (RLIN) | 6507291 |
| 650 #7 - SUBJECT ADDED ENTRY--TOPICAL TERM | |
| Topical term or geographic name as entry element | Grief in women |
| Form subdivision | Drama. |
| Source of heading or term | sears |
| 9 (RLIN) | 6508774 |
| 655 #0 - INDEX TERM--GENRE/FORM | |
| Genre/form data or focus term | Film adaptations. |
| 9 (RLIN) | 6182893 |
| 655 #0 - INDEX TERM--GENRE/FORM | |
| Genre/form data or focus term | Feature films. |
| 9 (RLIN) | 6182894 |
| 655 #0 - INDEX TERM--GENRE/FORM | |
| Genre/form data or focus term | Fiction films. |
| 9 (RLIN) | 5674705 |
| 655 #0 - INDEX TERM--GENRE/FORM | |
| Genre/form data or focus term | Romantic comedy films. |
| 9 (RLIN) | 5696851 |
| 655 #0 - INDEX TERM--GENRE/FORM | |
| Genre/form data or focus term | Video recordings for the hearing impaired. |
| 9 (RLIN) | 6182895 |
| 655 #7 - INDEX TERM--GENRE/FORM | |
| Genre/form data or focus term | Romantic |
| Form subdivision | Feature. |
| Source of term | local |
| 9 (RLIN) | 6505419 |
| 655 #7 - INDEX TERM--GENRE/FORM | |
| Genre/form data or focus term | Comedy |
| Form subdivision | Feature. |
| Source of term | local |
| 9 (RLIN) | 5696136 |
| 655 #7 - INDEX TERM--GENRE/FORM | |
| Genre/form data or focus term | Family |
| Form subdivision | Feature. |
| Source of term | local |
| 9 (RLIN) | 5706541 |
| 655 #0 - INDEX TERM--GENRE/FORM | |
| Genre/form data or focus term | Comedy films. |
| 9 (RLIN) | 6182897 |
| 700 1# - ADDED ENTRY--PERSONAL NAME | |
| Personal name | Finerman, Wendy. |
| 9 (RLIN) | 59262 |
| 700 1# - ADDED ENTRY--PERSONAL NAME | |
| Personal name | Johnson, Broderick. |
| 9 (RLIN) | 68870 |
| 700 1# - ADDED ENTRY--PERSONAL NAME | |
| Personal name | Kosove, Andrew A. |
| 9 (RLIN) | 68869 |
| 700 1# - ADDED ENTRY--PERSONAL NAME | |
| Personal name | Smith, Molly. |
| 9 (RLIN) | 4682 |
| 700 1# - ADDED ENTRY--PERSONAL NAME | |
| Personal name | LaGravenese, Richard. |
| 9 (RLIN) | 36286 |
| 700 1# - ADDED ENTRY--PERSONAL NAME | |
| Personal name | Rogers, Steven, |
| Dates associated with a name | 1965- |
| 9 (RLIN) | 70604 |
| 700 1# - ADDED ENTRY--PERSONAL NAME | |
| Personal name | Swank, Hilary. |
| 9 (RLIN) | 58848 |
| 700 1# - ADDED ENTRY--PERSONAL NAME | |
| Personal name | Butler, Gerard, |
| Dates associated with a name | 1969- |
| 9 (RLIN) | 70471 |
| 700 1# - ADDED ENTRY--PERSONAL NAME | |
| Personal name | Kudrow, Lisa. |
| 9 (RLIN) | 65800 |
| 700 1# - ADDED ENTRY--PERSONAL NAME | |
| Personal name | Gershon, Gina. |
| 9 (RLIN) | 63310 |
| 700 1# - ADDED ENTRY--PERSONAL NAME | |
| Personal name | Marsters, James, |
| Dates associated with a name | 1962- |
| 9 (RLIN) | 68805 |
| 700 1# - ADDED ENTRY--PERSONAL NAME | |
| Personal name | Bates, Kathy, |
| Dates associated with a name | 1948- |
| 9 (RLIN) | 37761 |
| 700 1# - ADDED ENTRY--PERSONAL NAME | |
| Personal name | Connick, Harry. |
| 9 (RLIN) | 36678 |
| 700 1# - ADDED ENTRY--PERSONAL NAME | |
| Personal name | Ahern, Cecelia, |
| Dates associated with a name | 1981- |
| Title of a work | P. S. I love you. |
| 9 (RLIN) | 6182898 |
| 710 2# - ADDED ENTRY--CORPORATE NAME | |
| Corporate name or jurisdiction name as entry element | Alcon Entertainment (Firm) |
| 9 (RLIN) | 68902 |
| 710 2# - ADDED ENTRY--CORPORATE NAME | |
| Corporate name or jurisdiction name as entry element | Grosvenor Park Films. |
| 9 (RLIN) | 6182899 |
| 710 2# - ADDED ENTRY--CORPORATE NAME | |
| Corporate name or jurisdiction name as entry element | Warner Home Video (Firm) |
| 9 (RLIN) | 61103 |
| 942 ## - ADDED ENTRY ELEMENTS (KOHA) | |
| Koha item type | DVD |
| 994 ## - | |
| -- | C0 |
| -- | UINTA |
| 998 ## - LOCAL CONTROL INFORMATION (RLIN) | |
| -- | a114605 |
| Withdrawn status | Lost status | Source of classification or shelving scheme | Damaged status | Not for loan | Collection code | Home library | Current library | Shelving location | Date acquired | Source of acquisition | Total Checkouts | Total Renewals | Full call number | Barcode | Date last seen | Date checked out | Cost, replacement price | Price effective from | Koha item type |
|---|---|---|---|---|---|---|---|---|---|---|---|---|---|---|---|---|---|---|---|
| Dewey Decimal Classification | Movies | Wasatch County Library | Wasatch County Library | Audio Visual Area | 06/24/2021 | Donation | 7 | 9 | DVD P.S. | 34301001817719 | 02/28/2026 | 02/23/2026 | 11.99 | 06/24/2021 | DVD |
